00381nam a2200133Ia 4500003000400000008004100004040001600045082002700061100003500088245006300123260002800186490000500214650002800219GCL140319s9999 xx 000 0 ara d aGCL / cGCL04aكاسيتb185bس ر1 aسيد عسر المعلاوى10aرضا الوالدين / cسيد عسر المعلاوى a[S.N] : bلا يوجد a04aشرائط كاسيت